The complete landscape designs and gardens of Geoffrey Jellicoe / (Record no. 608030)

000 -LEADER
fixed length control field 01424cam a2200373 a 4500
001 - CONTROL NUMBER
control field 2999337
003 - CONTROL NUMBER IDENTIFIER
control field OSt
005 - DATE AND TIME OF LATEST TRANSACTION
control field 20240222151459.0
008 - FIXED-LENGTH DATA ELEMENTS--GENERAL INFORMATION
fixed length control field 931222s1994 nyua b 001 0 eng d
010 ## - LIBRARY OF CONGRESS CONTROL NUMBER
LC control number 93061887
020 ## - INTERNATIONAL STANDARD BOOK NUMBER
International Standard Book Number 0500015961
020 ## - INTERNATIONAL STANDARD BOOK NUMBER
International Standard Book Number 9780500015964
035 ## - SYSTEM CONTROL NUMBER
System control number (OCoLC)31279338
040 ## - CATALOGING SOURCE
Original cataloging agency WaS
Transcribing agency WaS
Modifying agency DLC
042 ## - AUTHENTICATION CODE
Authentication code lccopycat
043 ## - GEOGRAPHIC AREA CODE
Geographic area code e-uk---
050 00 - LIBRARY OF CONGRESS CALL NUMBER
Classification number SB470.J39
Item number S54 1994
082 00 - DEWEY DECIMAL CLASSIFICATION NUMBER
Classification number 712.092
Edition number 20
Author Mark SPE
100 1# - MAIN ENTRY--PERSONAL NAME
Personal name Spens, Michael.
9 (RLIN) 121108
245 14 - TITLE STATEMENT
Title The complete landscape designs and gardens of Geoffrey Jellicoe /
Statement of responsibility, etc. Michael Spens ; foreword by Geoffrey Jellicoe ; special photography by Hugh Palmer.
260 ## - PUBLICATION, DISTRIBUTION, ETC.
Place of publication, distribution, etc. New York :
Name of publisher, distributor, etc. Thames and Hudson,
Date of publication, distribution, etc. 1994.
300 ## - PHYSICAL DESCRIPTION
Extent 212 p. :
Other physical details ill. (some col.) ;
Dimensions 30 cm.
504 ## - BIBLIOGRAPHY, ETC. NOTE
Bibliography, etc. note Includes bibliographical references (p. 208-211) and index.
600 10 - SUBJECT ADDED ENTRY--PERSONAL NAME
Personal name Jellicoe, Geoffrey,
Dates associated with a name 1900-1996.
9 (RLIN) 121109
650 #0 - SUBJECT ADDED ENTRY--TOPICAL TERM
Topical term or geographic name entry element Landscape architects
Geographic subdivision Great Britain.
9 (RLIN) 121110
650 #0 - SUBJECT ADDED ENTRY--TOPICAL TERM
Topical term or geographic name entry element Landscape design
Geographic subdivision Great Britain.
9 (RLIN) 121111
700 1# - ADDED ENTRY--PERSONAL NAME
Personal name Jellicoe, Geoffrey,
Dates associated with a name 1900-1996.
9 (RLIN) 121109
700 1# - ADDED ENTRY--PERSONAL NAME
Personal name Palmer, Hugh.
9 (RLIN) 121112
906 ## - LOCAL DATA ELEMENT F, LDF (RLIN)
a 7
b cbc
c copycat
d 2
e opcn
f 19
g y-gencatlg
942 ## - ADDED ENTRY ELEMENTS (KOHA)
Source of classification or shelving scheme
Koha item type Reference
Holdings
Withdrawn status Lost status Source of classification or shelving scheme Damaged status Not for loan Permanent Location Current Location Date acquired Source of acquisition Full call number Barcode Date last seen Cost, replacement price Price effective from Koha item type
          School of Art Design and Architecture (SADA) School of Art Design and Architecture (SADA) 03/13/2017 Donation 712.092 SPE 1994 SADAD0000151 02/22/2024 4834.54 02/22/2024 Book
© 2023 Central Library, National University of Sciences and Technology. All Rights Reserved.